[Event "IEWCC"]
[Site "Istanbul TUR"]
[Date "2003.06.11"]
[Round "8"]
[White "Fakhiridou,E"]
[Black "Kononenko,T"]
[Result "1-0"]
[WhiteElo "2276"]
[BlackElo "2370"]
[EventDate "2003.06.02"]

1. e4 e6 2. d4 d5 3. Nc3 Bb4 4. Nge2 Nc6 5. exd5 exd5 6. a3 Ba5 7. Nf4 Nf6
8. Be2 Ne4 9. Bd2 Bxc3 10. bxc3 O-O 11. O-O Na5 12. Bd3 Nc4 13. Bc1 c6 14.
Qh5 Ncd6 15. a4 Re8 16. h3 Bf5 17. Ne2 Nf6 18. Qf3 Be4 19. Bxe4 Nfxe4 20.
Qd3 Nc4 21. Rb1 Qd7 22. Bf4 Re7 23. Ng3 Rae8 24. Rfe1 h6 25. Nh5 Re6 26.
Rxe4 dxe4 27. Qxc4 g6 28. Ng3 g5 29. Be3 Rg6 30. Qc5 b6 31. Qf5 Qd5 32. c4
Qxc4 33. Nxe4 Ree6 34. a5 Qa2 35. Nc3 Qa3 36. axb6 axb6 37. Qd3 b5 38. Rb3
Qa1+ 39. Qf1 Qxf1+ 40. Kxf1 f5 41. d5 Rd6 42. Bc5 Rd7 43. d6 Re6 44. Ne2
Re5 45. Rc3 b4 46. Rc4 Rb7 47. Nd4 Kf7 48. Nxc6 1-0

[Event "IEWCC"]
[Site "Istanbul TUR"]
[Date "2003.06.11"]
[Round "8"]
[White "Pogonina,N"]
[Black "Mamedjarova,Z"]
[Result "1/2-1/2"]
[WhiteElo "2347"]
[BlackElo "2298"]
[EventDate "2003.06.02"]

1. e4 e5 2. Nf3 Nc6 3. Nc3 Nf6 4. d4 exd4 5. Nxd4 Bb4 6. Nxc6 bxc6 7. Bd3
d5 8. exd5 cxd5 9. O-O O-O 10. Bg5 c6 11. Na4 h6 12. Bh4 Re8 13. c3 Be7 14.
Re1 Be6 15. Bc2 Nd7 16. Bxe7 Qxe7 17. Qd3 Nf8 18. Qd4 Qc7 19. Re3 Nd7 20.
b4 f6 21. Nc5 Bf7 22. Rae1 Rxe3 23. Rxe3 Ne5 24. Re1 Re8 25. Re3 Re7 26. h3
h5 27. a4 Nc4 28. Rxe7 Qxe7 29. Kf1 Qc7 30. g3 Qc8 31. Kg2 Qe8 32. Qd3 Kf8
33. Kf1 h4 34. g4 Qe7 35. Qd4 Qe8 36. Qf4 Ne5 37. Qe3 Bg6 38. Bxg6 Qxg6 39.
Ne6+ Kf7 40. Nd4 Qb1+ 41. Kg2 Qa1 42. a5 Qb1 43. Nf5 Qe4+ 44. Qxe4 dxe4 45.
Nd6+ Ke6 46. Nxe4 Kd5 47. Nd2 Nc4 48. Nf3 Nd6 49. Nd2 Nc4 50. Nf3 Nd6
1/2-1/2

[Event "IEWCC"]
[Site "Istanbul TUR"]
[Date "2003.06.11"]
[Round "8"]
[White "Houska,Jo"]
[Black "Richards,H"]
[Result "1/2-1/2"]
[WhiteElo "2386"]
[BlackElo "2237"]
[EventDate "2003.06.02"]

1. e4 e5 2. f4 exf4 3. Bc4 Nf6 4. Nc3 c6 5. d4 d5 6. exd5 cxd5 7. Bb5+ Bd7
8. Bxf4 Bb4 9. Bxd7+ Nbxd7 10. Nge2 O-O 11. O-O 1/2-1/2

[Event "IEWCC"]
[Site "Istanbul TUR"]
[Date "2003.06.11"]
[Round "8"]
[White "Blazkova,P"]
[Black "Petrenko,S"]
[Result "0-1"]
[WhiteElo "2218"]
[BlackElo "2348"]
[EventDate "2003.06.02"]

1. e4 c5 2. Nf3 d6 3. d4 cxd4 4. Nxd4 Nf6 5. Nc3 a6 6. f4 e6 7. Qf3 Qb6 8.
Nb3 Qc7 9. g4 b5 10. Bd3 Bb7 11. g5 Nfd7 12. Be3 Nc6 13. Qh3 Nc5 14. g6 Nb4
15. Qxh7 Nbxd3+ 16. cxd3 Rxh7 17. gxh7 Nxd3+ 18. Kd2 Nxb2 19. h8=Q Nc4+ 20.
Ke2 Nxe3 21. Rac1 Nc4 22. Nd2 Qc5 23. Qh3 Nxd2 24. Kxd2 Rc8 25. Qe3 g6 26.
Qxc5 Rxc5 27. Kd3 Rc4 28. a4 Rc5 29. Rb1 Bg7 30. Ne2 f5 31. Ng3 fxe4+ 32.
Nxe4 Bxe4+ 33. Kxe4 Rc4+ 34. Kf3 Rxa4 35. h4 Bh6 36. Ra1 Rxf4+ 37. Kg3 Rf5
38. Rxa6 Ke7 39. Ra7+ Kf6 40. Rb7 Bd2 41. Rd1 Bc3 42. Kg4 Be5 43. Rxb5 Rf4+
44. Kh3 Rf3+ 45. Kg2 Rg3+ 46. Kf2 Rh3 47. Rb4 Kf5 48. Rf1 Bf4 49. Rxf4+
Kxf4 50. Kg2+ Kg4 51. Rf6 Re3 52. Rxg6+ Kxh4 53. Kf2 Re4 54. Kf3 d5 55. Rg8
Kh5 56. Rg7 e5 57. Rd7 Rd4 58. Ke3 Kg5 59. Rd6 Kf5 60. Rd8 Ke6 61. Re8+ Kd6
62. Rh8 Ra4 63. Rd8+ Kc6 64. Re8 Ra3+ 65. Kd2 Kd6 66. Rc8 e4 67. Rb8 Kc5
68. Rb7 Kc4 69. Rb8 Rd3+ 70. Ke2 Rh3 71. Ra8 Rb3 72. Ra4+ Rb4 73. Ra5 d4
74. Ra2 Kc3 75. Ra8 Rb2+ 76. Kd1 e3 77. Ra3+ Rb3 78. Ra8 Kd3 0-1

[Event "IEWCC"]
[Site "Istanbul TUR"]
[Date "2003.06.11"]
[Round "8"]
[White "Gvetadze,S"]
[Black "Mamedjarova,T"]
[Result "1-0"]
[WhiteElo "2320"]
[BlackElo "2222"]
[EventDate "2003.06.02"]

1. e4 e5 2. Nf3 Nc6 3. Bc4 Bc5 4. O-O Nf6 5. c3 d6 6. b4 Bb6 7. d3 h6 8. a4
a6 9. Qb3 O-O 10. Nbd2 Nh5 11. Bb2 Qf6 12. b5 axb5 13. axb5 Rxa1 14. Bxa1
Ne7 15. d4 g5 16. Qb2 Ng6 17. Re1 Nhf4 18. Bf1 Ne6 19. Nc4 h5 20. Nxb6 cxb6
21. Nd2 g4 22. Nc4 Ng5 23. Qc2 Nf4 24. Kh1 Qg6 25. dxe5 Nxe4 26. Nxd6 f5
27. Nxc8 Rxc8 28. Rd1 Qe6 29. c4 h4 30. Bd4 Kh7 31. f3 gxf3 32. gxf3 Nc5
33. Qd2 Ng6 34. Bxc5 bxc5 35. f4 Rc7 36. Qd8 Rg7 37. Qd2 Qe7 38. Qf2 b6 39.
Bg2 Qe6 40. Bd5 Qe7 41. Rg1 Nf8 42. Rg5 Rxg5 43. Qxh4+ Kg6 44. fxg5 Qg7 45.
Qf4 Qa7 46. h4 Qa1+ 47. Kh2 Qb2+ 48. Bg2 Nd7 49. e6 Ne5 50. h5+ Kxh5 51. e7
Ng4+ 52. Qxg4+ Kxg4 53. e8=Q Kxg5 54. Qg8+ Kh6 55. Qe6+ Kg5 56. Qe7+ Kg6
57. Qd6+ Kg5 58. Qd8+ Kg6 59. Qxb6+ Kg5 60. Qxc5 Qh8+ 61. Kg1 Qa1+ 62. Bf1
1-0

[Event "IEWCC"]
[Site "Istanbul TUR"]
[Date "2003.06.11"]
[Round "8"]
[White "Kharashkina,B"]
[Black "Janjgava,N"]
[Result "0-1"]
[WhiteElo "2182"]
[BlackElo "2286"]
[EventDate "2003.06.02"]

1. e4 c5 2. c3 d5 3. exd5 Qxd5 4. d4 Nf6 5. Nf3 Bg4 6. Be2 e6 7. h3 Bh5 8.
O-O Nc6 9. Be3 cxd4 10. cxd4 Bb4 11. a3 Ba5 12. b4 Bb6 13. Nc3 Qd6 14. d5
Nxd5 15. Bxb6 axb6 16. Nxd5 exd5 17. Nd4 Nxd4 18. Bxh5 Ne6 19. Bf3 Rd8 20.
Qa4+ Qc6 21. Qb3 O-O 22. Rfd1 Nf4 23. Rd4 Qf6 24. Rad1 Rfe8 25. Kh2 h6 26.
R1d2 Ne6 27. R4d3 d4 28. Bxb7 Re7 29. Ba6 b5 30. g3 Ng5 31. Bxb5 Qf5 32. g4
Qxb5 33. a4 Qe5+ 34. Kg2 Ne6 35. Rf3 Nf4+ 36. Kh2 Nd3+ 37. Rg3 Ne1 38. b5
d3 39. Qd1 Qf4 40. Kg1 Rde8 41. Rb2 Re2 0-1

[Event "IEWCC"]
[Site "Istanbul TUR"]
[Date "2003.06.11"]
[Round "8"]
[White "Krivec,J"]
[Black "Sasu Ducsoara,An"]
[Result "1-0"]
[WhiteElo "2256"]
[BlackElo "2193"]
[EventDate "2003.06.02"]

1. e4 c5 2. Nf3 d6 3. d4 cxd4 4. Nxd4 Nf6 5. Nc3 a6 6. Bc4 Nbd7 7. Bg5 g6
8. Qd2 h6 9. Bh4 Bg7 10. f4 Qc7 11. Bb3 Nc5 12. Bxf6 Nxb3 13. axb3 Bxf6 14.
Nd5 Qc5 15. Nxf6+ exf6 16. O-O Bd7 17. Kh1 h5 18. c4 O-O 19. f5 Kg7 20. Ra5
b5 21. fxg6 fxg6 22. Rfa1 Rfe8 23. Nxb5 Bxb5 24. cxb5 Rxe4 25. bxa6 Qb6 26.
h3 Rb4 27. Rd5 Rxb3 28. Rxd6 Rxb2 29. Rd7+ Kf8 30. Qh6+ Ke8 31. Rad1 1-0

[Event "IEWCC"]
[Site "Istanbul TUR"]
[Date "2003.06.11"]
[Round "8"]
[White "Hagesaether,E"]
[Black "Shukurova,M"]
[Result "0-1"]
[WhiteElo "2166"]
[BlackElo "2250"]
[EventDate "2003.06.02"]

1. Nf3 Nf6 2. g3 d5 3. Bg2 c5 4. O-O Nc6 5. d3 Bg4 6. c3 e6 7. Nbd2 Be7 8.
Qe1 Rc8 9. h3 Bh5 10. Kh1 b5 11. Nh2 b4 12. f4 Bg6 13. e4 dxe4 14. dxe4 Qd3
15. Rf3 Qc2 16. Re3 h6 17. g4 O-O 18. f5 Bh7 19. Bf3 bxc3 20. Rxc3 Qa4 21.
Nc4 Nd4 22. Bg2 Nd7 23. Bd2 Nb6 24. b3 Qa6 25. Nf3 Rfd8 26. Nxb6 axb6 27.
Nxd4 cxd4 28. Rxc8 Rxc8 29. Rc1 Ba3 30. Rxc8+ Qxc8 31. Qb1 Kh8 32. Qd3 Qc5
33. Bf1 Bg8 34. Kg2 f6 35. h4 Qe5 36. b4 Bb2 37. Kf3 exf5 38. gxf5 Qh2 39.
a4 Bf7 40. Bg2 Bh5+ 41. Kf2 Qxh4+ 42. Kg1 Qg4 43. Qc2 Bc3 44. Bxc3 dxc3 45.
Qxc3 Qd1+ 46. Kh2 Qxa4 47. Qd4 Qb5 48. Kg1 Be2 49. Kf2 Bc4 50. Qd6 Bd3 51.
Bf3 Bc4 52. Qd8+ Bg8 53. Qd6 Qa6 54. Kg3 Qa7 55. e5 fxe5 56. Qxe5 Qf7 57.
Be4 Qf6 58. Qe8 Qc3+ 59. Kg4 Qxb4 60. f6 gxf6 61. Qg6 Qf8 62. Kf3 Qg7 63.
Qe8 Qf7 64. Qc6 Qe6 65. Qc1 Qh3+ 66. Kf2 Qh4+ 67. Kf3 Qh5+ 68. Kf2 Qc5+ 0-1

[Event "IEWCC"]
[Site "Istanbul TUR"]
[Date "2003.06.11"]
[Round "8"]
[White "Makropoulou,M"]
[Black "Jiretorn,E"]
[Result "1/2-1/2"]
[WhiteElo "2234"]
[BlackElo "2106"]
[EventDate "2003.06.02"]

1. e4 c5 2. b3 Nc6 3. Bb2 e5 4. Bc4 d6 5. f4 Nf6 6. d3 a6 7. Nf3 Bg4 8. O-O
Be7 9. h3 Bxf3 10. Qxf3 O-O 11. Nd2 b5 12. Bd5 Nxd5 13. exd5 Nd4 14. Bxd4
cxd4 15. Rae1 Rc8 16. fxe5 dxe5 17. Rxe5 Rxc2 18. Ne4 Rxa2 19. d6 Bf6 20.
Rf5 Kh8 21. Rxf6 gxf6 22. Nxf6 Qa8 23. d7 Qxf3 24. gxf3 Rd8 25. Rc1 Kg7 26.
Rc8 Kxf6 27. Rxd8 Ke7 28. Rf8 Kxd7 29. Rxf7+ Kc6 30. Rxh7 a5 31. h4 Kc5 32.
h5 Kb4 33. h6 Rc2 34. Ra7 Kxb3 35. Rxa5 b4 36. Rd5 Rc7 37. Rxd4 Rh7 38. Rd6
Kc2 39. Kf2 b3 40. Ke3 b2 41. Rc6+ Kd1 42. Rb6 Kc2 43. Rc6+ Kd1 44. Rb6
1/2-1/2

[Event "IEWCC"]
[Site "Istanbul TUR"]
[Date "2003.06.11"]
[Round "8"]
[White "Smokina,K"]
[Black "Kopinits,A"]
[Result "1-0"]
[WhiteElo "2269"]
[BlackElo "2127"]
[EventDate "2003.06.02"]

1. c4 e5 2. Nc3 g6 3. g3 Bg7 4. Bg2 d6 5. e3 Nc6 6. Nge2 Be6 7. d4 Bxc4 8.
d5 Bxe2 9. Qxe2 Nb8 10. Qb5+ Nd7 11. Qxb7 Qb8 12. Qc6 Ne7 13. Qa4 a5 14.
O-O Qb4 15. Qxb4 axb4 16. Nb5 Kd8 17. e4 Nc5 18. Be3 Nd3 19. Rfb1 f5 20. f3
Kd7 21. a4 Rhb8 22. b3 c6 23. dxc6+ Kxc6 24. Rd1 fxe4 25. fxe4 Kd7 26. Bf1
Nd5 27. Rxd3 Nxe3 28. Rxe3 1-0

[Event "IEWCC"]
[Site "Istanbul TUR"]
[Date "2003.06.11"]
[Round "8"]
[White "Papadopoulou,V"]
[Black "Sikorova,O"]
[Result "1-0"]
[WhiteElo "2230"]
[BlackElo "2261"]
[EventDate "2003.06.02"]

1. d4 c5 2. d5 Nf6 3. Nf3 d6 4. c4 e6 5. Nc3 exd5 6. cxd5 g6 7. g3 Bg7 8.
Bg2 O-O 9. O-O Na6 10. Nd2 Nc7 11. Nc4 Nfe8 12. a4 b6 13. Qc2 Ba6 14. b3
Bxc4 15. bxc4 Na6 16. Bb2 Nb4 17. Qd2 f5 18. e4 f4 19. Bf3 Bd4 20. Kg2 fxg3
21. hxg3 Qf6 22. Be2 a6 23. Nd1 Bxb2 24. Nxb2 Qe5 25. f3 Nf6 26. Bd3 Nh5
27. f4 Qd4 28. Rf2 Rae8 29. Re1 Qg7 30. Qd1 Qc3 31. Qd2 Qg7 32. Qd1 Re7 33.
Bb1 Qc3 34. Nd3 Qxc4 35. Nxb4 Qxb4 36. e5 dxe5 37. d6 Rd7 38. Qd5+ Rff7 39.
Qxe5 c4 40. Ba2 b5 41. axb5 axb5 42. Rd1 Qa3 43. Qe8+ Kg7 44. Qe5+ Nf6 45.
Re2 Qa8+ 46. Kg1 Qf3 47. Qe3 Qc6 48. Qe5 Kg8 49. Bb1 Qf3 50. f5 Ng4 51.
Qe8+ Kg7 52. fxg6 hxg6 53. Qe6 Nf6 54. Rf1 Qc3 1-0

[Event "IEWCC"]
[Site "Istanbul TUR"]
[Date "2003.06.11"]
[Round "8"]
[White "Mira,H"]
[Black "Cinar,N"]
[Result "1-0"]
[WhiteElo "2126"]
[BlackElo "2090"]
[EventDate "2003.06.02"]

1. d4 d5 2. c4 e6 3. Nc3 c5 4. cxd5 cxd4 5. Qa4+ Bd7 6. Qxd4 exd5 7. Qxd5
Nc6 8. Nf3 Nf6 9. Qd1 Bc5 10. e3 Qe7 11. a3 O-O-O 12. Qc2 Kb8 13. b4 Bb6
14. Be2 g5 15. Na4 Bc7 16. Nc5 Bc8 17. Bb2 g4 18. Na6+ bxa6 19. Qxc6 Rd6
20. Nd4 Bb7 21. Qc2 Qd7 22. f3 Re8 23. Kf2 Nd5 24. Nf5 Rc6 25. Qd3 Bb6 26.
Bd4 Bxd4 27. Nxd4 Rc3 28. Qf5 Qe7 29. e4 Ne3 30. Qf4+ Ka8 31. Rhc1 Rec8 32.
Rxc3 Rxc3 33. Ra2 Qh4+ 34. Qg3 Qf6 35. e5 Qb6 36. Qf4 Nc2 37. Rxc2 Rxc2 38.
Qxg4 Qg6 39. Nxc2 Qxc2 40. Qg8+ Bc8 41. Qxf7 Qc3 42. Qd5+ Bb7 43. Qd8+ Bc8
44. e6 1-0

[Event "IEWCC"]
[Site "Istanbul TUR"]
[Date "2003.06.11"]
[Round "8"]
[White "Yildiz,B"]
[Black "Cavusoglu,Y"]
[Result "1/2-1/2"]
[WhiteElo "2119"]
[BlackElo "2045"]
[EventDate "2003.06.02"]

1. d4 d5 2. Nf3 Nf6 3. e3 e6 4. Bd3 c5 5. c3 Be7 6. O-O O-O 7. Ne5 Nc6 8.
f4 cxd4 9. exd4 Ne4 10. Rf3 f5 11. Bxe4 dxe4 12. Nxc6 bxc6 13. Rh3 Qe8 14.
Be3 Rb8 15. Qe2 Bd7 16. c4 Bf6 17. Nc3 g6 18. Rb1 Qe7 19. Na4 Qg7 1/2-1/2

[Event "IEWCC"]
[Site "Istanbul TUR"]
[Date "2003.06.11"]
[Round "8"]
[White "Ozturk,K"]
[Black "Muhren,B"]
[Result "1-0"]
[WhiteElo "1948"]
[BlackElo "2092"]
[EventDate "2003.06.02"]

1. d4 d5 2. c4 dxc4 3. e3 e6 4. Bxc4 Nf6 5. Nc3 c5 6. Nf3 Nc6 7. d5 exd5 8.
Nxd5 Be6 9. Nxf6+ Qxf6 10. Bxe6 Qxe6 11. O-O Be7 12. Qe2 O-O 13. b3 Rfd8
14. Bb2 Qe4 15. Rad1 Nb4 16. Bc3 Nd5 17. Qb2 f6 18. h3 Rd6 19. Rd2 b5 20.
Qc1 Nxc3 21. Qxc3 Rad8 22. Rxd6 Bxd6 23. Qa5 Rb8 24. Qxa7 Qc6 25. Rd1 b4
26. e4 Rb6 27. e5 Ra6 28. Qxa6 Qxa6 29. exd6 Qc8 30. d7 Qd8 31. Ne1 Kf7 32.
Nc2 Ke7 33. Ne3 Ke6 34. Kf1 g6 35. Nc4 Ke7 36. Nb2 f5 37. Na4 Ke6 38. Nxc5+
Ke7 39. Nb7 Qxd7 40. Rxd7+ Kxd7 41. Nc5+ Kc6 42. Nd3 1-0

[Event "IEWCC"]
[Site "Istanbul TUR"]
[Date "2003.06.11"]
[Round "8"]
[White "Mar,K"]
[Black "Nagel,Y"]
[Result "0-1"]
[WhiteElo "2236"]
[BlackElo "2068"]
[EventDate "2003.06.02"]

1. e4 c5 2. Nf3 e6 3. c4 Nc6 4. Nc3 Nf6 5. Be2 d5 6. exd5 exd5 7. d3 d4 8.
Nb1 Bd6 9. O-O O-O 10. Re1 h6 11. Nbd2 Re8 12. Nf1 Ne7 13. a3 a5 14. Bd2 b6
15. b4 axb4 16. axb4 Bd7 17. bxc5 bxc5 18. Ng3 Ng6 19. Qc1 Qc7 20. Bd1 Nf4
21. Bc2 Bg4 22. Rxe8+ Rxe8 23. Ba5 Qb7 24. Qd1 Nh3+ 25. Kf1 Ng5 26. h3 Nxh3
27. Ne4 Nxe4 28. dxe4 Ng5 29. Qd3 Nxe4 30. Re1 Nf6 31. Rxe8+ Nxe8 32. Qh7+
Kf8 33. Be4 Qd7 34. Nh4 Be5 35. Bd5 Be6 36. Bxe6 Qxe6 37. Nf5 f6 38. Bd8
Qxc4+ 39. Ke1 d3 40. Qh8+ Kf7 41. Nxh6+ gxh6 42. Qh7+ Ng7 0-1

[Event "IEWCC"]
[Site "Istanbul TUR"]
[Date "2003.06.12"]
[Round "9"]
[White "Khurtsidze,N"]
[Black "Skripchenko,A"]
[Result "0-1"]
[WhiteElo "2427"]
[BlackElo "2501"]
[EventDate "2003.06.02"]

1. d4 d5 2. c4 dxc4 3. Nf3 e6 4. e3 c5 5. Bxc4 a6 6. Qe2 b5 7. Bd3 cxd4 8.
exd4 Nf6 9. O-O Be7 10. Nc3 O-O 11. a4 bxa4 12. Nxa4 Nc6 13. Be3 Nb4 14.
Bc4 Nfd5 15. Ne5 Bd6 16. Rfc1 Qf6 17. Bd2 Qh4 18. Nf3 Qh5 19. Nc5 a5 20.
Qe4 Rb8 21. Rxa5 Nc6 22. Rb5 f5 23. Qd3 Nce7 24. Rxb8 Bxb8 25. Re1 Rf6 26.
Ne5 g5 27. Qh3 Qxh3 28. gxh3 Bxe5 29. dxe5 Rh6 30. Ra1 f4 31. b4 Nb6 32.
Bb5 Rxh3 33. Ra7 Nbd5 34. Ne4 Rb3 35. Nf6+ Kf7 36. Nxh7 Kg6 37. Bc4 Rb2 38.
Bc1 Rxb4 39. Bd3+ Kh6 40. Nf6 Rb7 41. Ra3 Ng6 42. Be4 Nxe5 43. Rh3+ Kg7 44.
Ne8+ Kg8 45. Nd6 Rb8 46. Rh5 Nf7 47. Nxf7 Kxf7 48. Rxg5 Nc3 49. Bc2 Ne2+
50. Kf1 Nxc1 51. Ke1 Nb3 52. Rg4 e5 53. Rg5 Nd4 54. Be4 Bf5 55. Rxf5+ Nxf5
56. Bxf5 Kf6 57. Be4 Rb4 58. Bc2 e4 59. h4 Ke5 60. h5 Kd4 61. h6 Rb6 62. h7
Rh6 63. f3 Ke3 0-1

[Event "IEWCC"]
[Site "Istanbul TUR"]
[Date "2003.06.12"]
[Round "9"]
[White "Danielian,E"]
[Black "Peptan,C"]
[Result "0-1"]
[WhiteElo "2386"]
[BlackElo "2471"]
[EventDate "2003.06.02"]

1. d4 Nf6 2. Nf3 e6 3. e3 b6 4. Bd3 Bb7 5. O-O Be7 6. c4 O-O 7. Nc3 d5 8.
b3 dxc4 9. Bxc4 Nbd7 10. Qe2 c5 11. Rd1 cxd4 12. Nxd4 Bb4 13. Bb2 Qe7 14.
Rac1 a6 15. Bd3 Bd6 16. h3 Nc5 17. Bb1 g6 18. Na4 e5 19. Nxc5 Bxc5 20. Nf3
Bd6 21. Rxd6 Qxd6 22. Nxe5 Rad8 23. Nc4 Qe6 24. Qe1 Nd5 25. e4 Ne7 26. Qe3
b5 27. Ne5 f6 28. Ng4 h5 29. Nh2 Rf7 30. Nf3 Kh7 31. b4 Rc8 32. Rxc8 Qxc8
33. Qf4 Qe6 34. Qb8 Ng8 35. Nd4 Qc8 36. Qg3 Qa8 37. e5 Be4 38. e6 Re7 39.
Bxe4 Qxe4 40. Qc3 Qb1+ 41. Kh2 Qxa2 42. f4 Qc4 43. Qe1 Qc7 44. Qe4 Qd6 45.
Bc3 Nh6 46. Kh1 Rc7 47. Bd2 f5 48. Qe3 Ng8 49. Nf3 Nf6 50. Ng5+ Kg8 51. Bc3
Nd5 52. Qd4 Rxc3 53. e7 Rc1+ 54. Kh2 Rc8 55. Qh8+ Kxh8 56. Nf7+ Kg7 57.
Nxd6 Nxe7 0-1

[Event "IEWCC"]
[Site "Istanbul TUR"]
[Date "2003.06.12"]
[Round "9"]
[White "Dzagnidze,N"]
[Black "Cramling,P"]
[Result "0-1"]
[WhiteElo "2376"]
[BlackElo "2470"]
[EventDate "2003.06.02"]

1. Nf3 c5 2. c4 g6 3. Nc3 Bg7 4. g3 Nc6 5. Bg2 d6 6. O-O Qd7 7. e3 Bxc3 8.
bxc3 b6 9. d3 Bb7 10. e4 e6 11. Qe2 O-O-O 12. a4 Na5 13. e5 d5 14. cxd5
Qxd5 15. Bg5 Qxd3 16. Qb2 Rd7 17. Ne1 Qa6 18. Bxb7+ Qxb7 19. Qe2 h6 20. Be3
Ne7 21. Nc2 Nd5 22. Bd2 Nb3 23. Rad1 Rhd8 24. Rb1 Nxd2 25. Qxd2 Nb4 26. Qc1
Nd3 27. Qe3 Rd5 28. f4 g5 29. Qf3 gxf4 30. gxf4 Rg8+ 31. Kh1 Rg4 32. Ne3
Rxf4 33. Qg2 Rd7 34. Qxb7+ Kxb7 35. Rxf4 Nxf4 36. Nc4 Ne2 37. Nd6+ Kc6 38.
c4 f6 39. Rf1 fxe5 40. Nf7 Kc7 41. Nxe5 Rg7 42. Re1 Nd4 43. Rf1 h5 44. Rf8
Kd6 45. Nd3 e5 46. Rd8+ Kc7 47. Re8 Nf3 0-1

[Event "IEWCC"]
[Site "Istanbul TUR"]
[Date "2003.06.12"]
[Round "9"]
[White "Klinova,M"]
[Black "Radziewicz,I"]
[Result "0-1"]
[WhiteElo "2368"]
[BlackElo "2428"]
[EventDate "2003.06.02"]

1. e4 e6 2. Nf3 d5 3. Nc3 Nf6 4. e5 Nfd7 5. d4 c5 6. dxc5 Bxc5 7. Bd3 Nc6
8. Bf4 a6 9. O-O h6 10. Re1 b5 11. a3 Be7 12. h3 Nc5 13. Bf1 Bb7 14. b4 Nd7
15. Ne2 a5 16. c3 Rc8 17. Ned4 Nxd4 18. Qxd4 Bc6 19. Be3 Qc7 20. Rac1 g6
21. Bd3 Qb8 22. h4 Bf8 23. Qg4 Rg8 0-1

[Event "IEWCC"]
[Site "Istanbul TUR"]
[Date "2003.06.12"]
[Round "9"]
[White "Kosintseva,N"]
[Black "Alexandrova,O"]
[Result "1/2-1/2"]
[WhiteElo "2417"]
[BlackElo "2445"]
[EventDate "2003.06.02"]

1. e4 c5 2. c3 d5 3. exd5 Qxd5 4. d4 Nf6 5. Nf3 e6 6. Be3 cxd4 7. cxd4 Bb4+
8. Nc3 O-O 9. Bd3 b6 10. O-O Bxc3 11. bxc3 Ba6 12. Bxa6 Nxa6 13. Qe2 Nb8
14. c4 Qe4 15. Rfd1 Nc6 16. Rac1 Rfd8 17. Qb2 Qf5 18. a4 Rac8 19. Qb5 Ne7
20. Kf1 Qe4 21. Nd2 Qd3+ 22. Kg1 Nf5 23. c5 Qxb5 24. axb5 Kf8 25. Nb3 Nxe3
26. fxe3 Ne4 27. Nd2 Nxd2 28. Rxd2 bxc5 29. Rdc2 c4 30. Rxc4 Rxc4 31. Rxc4
Rd5 32. Rc5 Ke7 33. Kf2 Rd6 34. Kf3 a6 35. Rc7+ Kf6 36. e4 Rb6 37. bxa6
Rxa6 38. h4 h5 39. Kf4 Ra1 40. g3 Rf1+ 41. Ke3 Rg1 42. Kf2 Rd1 1/2-1/2

[Event "IEWCC"]
[Site "Istanbul TUR"]
[Date "2003.06.12"]
[Round "9"]
[White "Socko,M"]
[Black "Prudnikova,S"]
[Result "1-0"]
[WhiteElo "2381"]
[BlackElo "2426"]
[EventDate "2003.06.02"]

1. d4 Nf6 2. c4 e6 3. Nc3 Bb4 4. e3 O-O 5. Nge2 Re8 6. a3 Bf8 7. g3 d5 8.
b3 b6 9. Bg2 Bb7 10. O-O a5 11. Bb2 Na6 12. Qc2 Rb8 13. Rfd1 dxc4 14. Bxb7
Rxb7 15. bxc4 Qc8 16. Nf4 c5 17. d5 e5 18. Ng2 e4 19. Nb5 Ng4 20. d6 Nb8
21. h3 Nh6 22. Nf4 Nc6 23. Rd5 Na7 24. Rad1 Qc6 25. d7 Rd8 26. Rd6 Rbxd7
27. Rxc6 Rxd1+ 28. Kg2 Nxc6 29. Qxe4 Ne7 30. g4 f6 31. Nc7 Nf7 32. Ncd5
Nxd5 33. Nxd5 b5 34. Qc2 R1xd5 35. cxd5 Rxd5 36. f4 c4 37. Kf3 a4 38. Qe4
1-0

[Event "IEWCC"]
[Site "Istanbul TUR"]
[Date "2003.06.12"]
[Round "9"]
[White "Shumiakina,T"]
[Black "Gaponenko,I"]
[Result "0-1"]
[WhiteElo "2373"]
[BlackElo "2417"]
[EventDate "2003.06.02"]

1. d4 d5 2. c4 e6 3. Nc3 c5 4. e3 Nf6 5. Nf3 Nc6 6. a3 a6 7. dxc5 Bxc5 8.
b4 Ba7 9. Bb2 O-O 10. Be2 dxc4 11. Bxc4 b5 12. Bd3 Bb7 13. O-O Rc8 14. Qe2
Qe7 15. Rac1 h6 16. Ne4 Nxe4 17. Bxe4 f5 18. Bb1 e5 19. Ba2+ Kh7 20. h4 g6
21. Bd5 e4 22. Bxc6 Rxc6 23. Rxc6 Bxc6 24. Ne5 Be8 25. Rc1 Rf6 26. Qd2 Bb8
27. Qc3 Bxe5 28. Qxe5 Qxe5 29. Bxe5 Rc6 30. Rd1 Kg8 31. Rd8 Kf7 32. Ra8 g5
33. hxg5 hxg5 34. Bd4 Bd7 35. Bc5 Ke6 36. f3 exf3 37. gxf3 g4 38. Kf2 gxf3
39. Kxf3 Rxc5 40. Rxa6+ Rc6 41. Ra5 Rc2 42. Ra6+ Bc6+ 43. Kg3 Ke5 44. Kh4
Be4 45. Ra5 Bd3 46. a4 Ra2 47. axb5 Rxa5 48. bxa5 Bxb5 49. Kg5 Ba6 50. Kg6
Ke4 51. Kf6 Bc8 52. Kg5 Kxe3 53. a6 f4 54. a7 Bb7 0-1

[Event "IEWCC"]
[Site "Istanbul TUR"]
[Date "2003.06.12"]
[Round "9"]
[White "Bojkovic,N"]
[Black "Slavina,I"]
[Result "1/2-1/2"]
[WhiteElo "2416"]
[BlackElo "2381"]
[EventDate "2003.06.02"]

1. c4 f5 2. Nc3 Nf6 3. d3 g6 4. g3 Bg7 5. Bg2 d6 6. e3 O-O 7. Nge2 e5 8.
O-O Nc6 9. Qd2 Be6 10. b3 Bf7 11. Bb2 Qd7 12. Rac1 g5 13. f4 gxf4 14. exf4
Rfe8 15. Bh3 Be6 16. Rce1 Nd4 17. fxe5 dxe5 18. Nxd4 exd4 19. Nb5 c5 20.
Qf4 Ng4 21. Bxg4 fxg4 22. Bc1 Rf8 1/2-1/2

[Event "IEWCC"]
[Site "Istanbul TUR"]
[Date "2003.06.12"]
[Round "9"]
[White "Zaiatz,E"]
[Black "Lomineishvili,M"]
[Result "0-1"]
[WhiteElo "2339"]
[BlackElo "2397"]
[EventDate "2003.06.02"]

1. d4 Nf6 2. c4 e6 3. Nc3 Bb4 4. e3 O-O 5. Nge2 d5 6. a3 Be7 7. cxd5 Nxd5
8. Bd2 Nd7 9. g3 Nxc3 10. Bxc3 c5 11. Bg2 Nf6 12. Qc2 Qc7 13. Rc1 Rb8 14.
dxc5 Qxc5 15. Bd4 Qa5+ 16. Qc3 Qa6 17. Be5 Ra8 18. Qc4 Qxc4 19. Rxc4 Nd7
20. Bc7 Bf6 21. Rc2 Nb6 22. Nf4 g6 23. O-O e5 24. Nd5 Nxd5 25. Bxd5 a5 26.
a4 Bd7 27. b3 Ra7 28. Bd6 Rd8 29. Bc5 Raa8 30. Bb6 Re8 31. Rc7 Be6 32. Bxe6
Rxe6 33. Rxb7 Re7 34. Rxe7 Bxe7 35. Rc1 Bb4 36. Kf1 Kg7 37. Ke2 Kf6 38.
Rc6+ Kg7 39. Bc7 f6 40. Bb6 h5 41. e4 Kf7 42. Kd3 h4 43. Rc7+ Ke6 44. Rc6+
Kf7 45. Kc4 h3 46. Rc7+ Ke6 47. Rc6+ Kf7 48. Kd5 g5 49. f3 Be1 50. g4 Rb8
51. Rc7+ Kg6 52. Rc6 Bd2 53. Kc4 Bf4 54. Bg1 Rd8 55. b4 Rd1 56. Bc5 Bxh2
57. bxa5 Bg3 58. Rc8 h2 59. Rh8 Bh4 0-1

[Event "IEWCC"]
[Site "Istanbul TUR"]
[Date "2003.06.12"]
[Round "9"]
[White "Polovnikova,E"]
[Black "Ionescu Brandis,I"]
[Result "1-0"]
[WhiteElo "2383"]
[BlackElo "2366"]
[EventDate "2003.06.02"]

1. e4 e5 2. Nf3 Nf6 3. Nxe5 d6 4. Nf3 Nxe4 5. d4 d5 6. Bd3 Bd6 7. O-O O-O
8. c4 c6 9. Re1 Bf5 10. Qc2 Bg6 11. c5 Bc7 12. Nc3 f5 13. Qb3 Rf7 14. Ng5
Nxg5 15. Bxg5 Qd7 16. Re2 h6 17. Bh4 Bh5 18. f3 g5 19. Bg3 f4 20. Qxb7 fxg3
21. Rae1 gxh2+ 22. Kh1 Kg7 23. Qxa8 Bg3 24. Re8 Qc7 25. Ne2 Bxe1 26. Rxb8
Bf2 27. Rh8 g4 28. Qg8+ Kf6 29. Rxh6+ Ke7 30. Qg5+ 1-0

[Event "IEWCC"]
[Site "Istanbul TUR"]
[Date "2003.06.12"]
[Round "9"]
[White "Djingarova,E"]
[Black "Peng Zhaoqin"]
[Result "0-1"]
[WhiteElo "2310"]
[BlackElo "2433"]
[EventDate "2003.06.02"]

1. e4 c5 2. Nf3 e6 3. b3 Nc6 4. Bb2 Nf6 5. e5 Nd5 6. g3 Be7 7. c4 Nc7 8.
Bg2 O-O 9. O-O d5 10. exd6 Qxd6 11. Qe2 f6 12. Nc3 e5 13. Ne4 Qd8 14. Qe3
Nd4 15. Ne1 Bg4 16. f3 Bh5 17. Nc3 Re8 18. f4 exf4 19. Qxf4 Rb8 20. Qf2 Bf8
21. Nf3 Nxf3+ 22. Bxf3 Bxf3 23. Qxf3 Qxd2 24. Rf2 Qe3 25. Qxe3 Rxe3 26. Rd1
Rbe8 27. Rd7 R3e7 28. Rd3 b6 29. Kg2 Rf7 30. g4 Rfe7 31. Bc1 Na6 32. a3 Nb8
33. Nd5 Re4 34. h3 Nc6 35. Nc7 Rc8 36. Nd5 Ne5 37. Rd1 Rd4 38. Rfd2 Rxd2+
39. Rxd2 Kf7 40. Bb2 Nc6 41. Rf2 h6 42. h4 Kg8 43. Rd2 Re8 44. Bxf6 Na5 45.
Bc3 Nxb3 46. Rf2 Nc1 47. g5 hxg5 48. hxg5 Nd3 49. Rd2 Nc1 50. g6 Ne2 51.
Bb2 Re6 52. Kf2 Nd4 53. Nf4 Rf6 54. Ke3 Bd6 55. Rf2 Bxf4+ 56. Rxf4 Rxg6 57.
Bxd4 Re6+ 58. Kf3 cxd4 59. Rxd4 Re5 60. Kf4 Ra5 61. Rd8+ Kh7 62. Rd3 Ra4
63. Rc3 b5 64. Ke5 Rxc4 65. Rh3+ Kg8 66. Kd5 Rc7 67. Kd6 Rc4 68. Ke6 a5 69.
Rh5 Re4+ 70. Kd6 Ra4 71. Rxb5 Rxa3 72. Ke6 Kh7 73. Kf5 a4 74. Ra5 Kh6 75.
Ra8 g6+ 76. Kg4 Ra1 77. Ra5 a3 78. Kg3 Kg7 79. Ra7+ Kf6 80. Ra6+ Ke5 81.
Kh2 Kd4 82. Rxg6 Rc1 83. Rd6+ Kc5 84. Ra6 Rc2+ 85. Kg3 Kb4 86. Rb6+ Kc3 87.
Kf3 a2 88. Ra6 Kb2 89. Rb6+ Ka1 90. Ra6 Kb1 0-1